La formación del profesorado en Chile: 1842-1987

Guardado en:
Detalles Bibliográficos
Autores principales: Cox D., Cristián (Autor), Gysling C., Jacqueline (Autor)
Formato: Libro
Lenguaje:español
Publicado: Santiago CIDE 1990
Edición:1a. ed
Materias:
Etiquetas: Agregar Etiqueta
Sin Etiquetas, Sea el primero en etiquetar este registro!

MARC

LEADER 00000cam a2200000 a 4500
001 UCW5268
003 CL-VaPUC
008 910319e19900000CL |||||||||||||||||spa|d
082 0 4 |a 370.71  |b COX  |2 21 
100 |a Cox D., Cristián  |e author  |9 572370 
700 |a Gysling C., Jacqueline  |e author  |9 572371 
245 1 3 |a La formación del profesorado en Chile: 1842-1987 
250 |a 1a. ed 
300 |a 321 p 
942 |c BK 
945 |d 19910319 00:00:00 
260 |a Santiago  |b CIDE  |c 1990 
650 0 |a Formación profesional de profesores  |9 307493 
651 7 |a CHILE  |2 CL-VaPUC  |9 310170 
583 |a last modification  |c 20160711 04:07:24  |k Rodrigo Vera 
999 |c 218745  |d 218743 
952 |0 0  |1 0  |4 0  |6 370_710000000000000_COX_1990  |7 0  |8 A  |9 208810  |a BIBEDU  |b BIBEDU  |c ES_NOD  |d 2019-11-15  |i 2766183  |o 370.71 COX 1990  |p 2766183  |r 2023-08-09  |w 2019-11-15  |y BK  |k EDU 
952 |0 0  |1 0  |4 0  |6 370_710000000000000_COX_1990  |7 0  |8 A  |9 208811  |a BIBEDU  |b BIBEDU  |c ES_NOD  |d 2019-11-15  |i 2797968  |o 370.71 COX 1990  |p 2797968  |r 2023-08-09  |w 2019-11-15  |y BK  |k EDU 
952 |0 0  |1 0  |3 erb  |4 0  |6 370_710000000000000_COX_1990  |7 0  |8 ED_SUP  |9 208812  |a BIBGIM  |b BIBGIM  |c S_PSTGRDO  |e Villagrán Garnham, Jorge  |i 5316642  |o 370.71 COX 1990  |p 5316642  |r 2025-01-15  |w 2019-11-15  |y BK  |z Catalogado en:20160713  |k ESU